000 00866nam a2200229 a 4500
001 41298
003 BD-RjUL
005 20211209053348.0
008 160528s1956 ii ||||| |||| 00| 0 ben d
020 _c: IRs 6.50
035 _a(BD-RjUL)41415
040 _aBD-RjUL
_bben
_cBD-RjUL
041 _aben
082 _223
_a891.443
_bJOB 1956
100 _aজ্যোতিরিন্দ্রশাস্ত্রী
_9127030
245 1 0 _aবারো ঘর এক উঠোন /
_cজ্যোতিরিন্দ্রশাস্ত্রী
260 _aকলিকাতা :
_bইন্ডিয়ান অ্যাসোসিয়েটেড,
_c১৯৫৬
300 _a৫১৫ পৃ. ;
_c২১ সেমি.
650 _aবাংলা উপন্যাস
_9127031
650 _aBengali Fiction
_9127032
942 _2ddc
_cBK
999 _c41298
_d41298